| 000 | 00504ngm a22002057a 4500 | ||
|---|---|---|---|
| 005 | 20170217143545.0 | ||
| 008 | 160913b xxu||||| |||| 00| 0 spa d | ||
| 020 | _a7509768410108 | ||
| 041 | _aspa | ||
| 082 | _a403 DVD | ||
| 110 |
_aWorld Discovery _920254 |
||
| 245 | _aFit yoga 2 | ||
| 260 |
_aMéxico _bWorld Discovery _c2008 |
||
| 650 |
_aYOGA _9259 |
||
| 650 |
_aRESPIRACIÓN _97503 |
||
| 650 |
_aCALENTAMIENTO _920255 |
||
| 650 |
_aBALANCE _93056 |
||
| 650 |
_aRELAJACIÓN _92001 |
||
| 942 | _cDVD | ||
| 999 |
_c8414 _d8414 |
||